| 000 | 02542cam a22003735a 4500 | ||
|---|---|---|---|
| 001 | 17616600 | ||
| 005 | 20161025143756.0 | ||
| 008 | 130205s2014 paua frb 001 0 eng d | ||
| 010 | _a 2013004566 | ||
| 020 | _a9781609136222 | ||
| 020 | _a1609136225 | ||
| 035 | _a(DNLM)101601448 | ||
| 040 |
_aDNLM/DLC _beng _cDLC _dEG-ScBUE |
||
| 042 | _apcc | ||
| 082 | 0 | 4 |
_222 _a618.20231 _bPER |
| 245 | 0 | 0 |
_aPerinatal nursing / _c[edited by] Kathleen Rice Simpson, Patricia A. Creehan. |
| 246 | 1 |
_iAt head of title: _aAWHONN, Association of Women's Health, Obstetric and Neonatal Nurses |
|
| 250 | _a4th ed. | ||
| 260 |
_aPhiladelphia, Pennsylvania: _bWolters Kluwer/Lippincott Williams & Wilkins Health, _c2014. |
||
| 300 |
_axv, 752 p. : _bill. ; _c28 cm. |
||
| 500 | _aIndex : p. 744-752 | ||
| 504 | _aIncludes bibliographical references. | ||
| 505 | 0 | _aPerinatal patient safety and professional liability issues / Kathleen Rice Simpson -- Integrating cultural beliefs and practices when caring for childbearing women and families / Lynn Clark Callister -- Physiologic changes of pregnancy / Susan Tucker Blackburn -- Antenatal care / Mary Lee Barron -- Hypertensive disorders of pregnancy / Judith H. Poole -- Bleeding in pregnancy / Mary Ellen Burke Sosa -- Preterm labor and birth / Nancy Jo Reedy -- Diabetes in pregnancy / Julie M. Daley -- Cardiac disease in pregnancy / Julie Arafeh -- A pulmonary complications in pregnancy / Suzanne McMurtry Baird and Betsy B. Kennedy -- Multiple gestation / Nancy A. Bowers -- Obesity in pregnancy / Mary Ann Maher -- Maternal fetal transport / Judy Wilson-Griffin -- Labor and birth / Kathleen Rice Simpson and Nancy O'Brien-Abel -- Fetal assessment during labor / Audrey Lyndon, Nancy O'Brien Abel, and Kathleen Rice Simpson -- Pain inlabor : nonpharmacologic and pharmacologic management / Carol Burke -- Postpartum care / Dotti C. James -- Newborn adaptation to extrauterine life / Debbie Fraser -- Newborn physical assessment / Lyn Vargo -- Newborn nutrition / Jill Janke -- Common neonatal complications / Joan Renaud Smith and Annette Carley. | |
| 590 | _aWessam | ||
| 650 | 7 |
_aMaternal-Child Nursing. _2BUEsh _912164 |
|
| 650 | 7 |
_aNeonatal nursing. _2BUEsh _923579 |
|
| 650 | 7 |
_aMaternity nursing. _912162 |
|
| 651 | _2BUEsh | ||
| 653 |
_bNNUR _cOctober2016 |
||
| 700 | 1 |
_aSimpson, Kathleen Rice. _941617 |
|
| 700 | 1 |
_aCreehan, Patricia A. _941618 |
|
| 710 | 2 |
_aAssociation of Women's Health, Obstetric, and Neonatal Nurses. _941619 |
|
| 942 |
_2ddc _e22 _k618.20231 PER |
||
| 999 |
_c22859 _d22831 |
||